000
00300nam a2200133Ia 4500
005
20260328104333.0
008
260328s9999||||xx |||||||||||||| ||und||
100
_a
Alemán, Laura
245
0
_a
Vitruvia /
_c
Laura Alemán
260
_b
Fadu
300
_a
169 p.
650
_a
URBANISMO
942
_c
BK
999
_c
11802
_d
11802